000 00690nam a2200217 4500
003 KOHA_MİRAKIL
005 20260414074631.0
008 260414b tu ||||| |||| 00| 0 tur d
040 _aTR-AnABB
_btur
_cTR-AnABB
041 _atur
082 _a338.9561
_bDAG 1995
100 1 _aDağ, Rıfat
245 1 0 _aDoğu ekonomisi /
_cRıfat Dağ
246 _a1800'lerden günümüze
260 _aAnkara :
_b[yayl. y.] ,
_c1995
300 _a220 sayfa :
_btablo ;
_c20 cm
500 _aYazar tarafından Prof. Dr. Ruşen Keleş için imzalanmıştır.
650 0 4 _aEkonomik politika, Türkiye
650 0 4 _aEkonomik politika, Doğu Anadolu Bölgesi
942 _2ddc
_cBK
999 _c10212
_d10212
900 _bCan ÇELIK